Word Ladder: Coin Collector Quiz Stats

Quiz Updated Nov 25, 2014

Challenge
Share
Tweet
Embed
Score 0/32 Timer 04:00
0 Plays Today
Clue 4-Letter Word % Correct
Opposite of sweetSOUR
97.9%
Not pass a classFAIL
95.9%
Get the ale from tap to glassPOUR
94.8%
HairlessBALD
94.6%
Darkened, like a fontBOLD
92.7%
Give someone a jobHIRE
91.6%
Take away someone's jobFIRE
91.1%
The actors in a movieCAST
90.6%
Element Eagle coins were made fromGOLD
89.8%
PriceCOST
89.1%
Dirty one's clothingSOIL
86.9%
Fencing weaponFOIL
86.2%
Shakespeare: The ___ of AvonBARD
85.9%
Don't put this before the horseCART
84.8%
Evening in ParisSOIR
84.4%
The lowest grade a coin can have★ POOR
83.5%
Clue 4-Letter Word % Correct
One-time surname of RoseanneBARR
81.5%
The second lowest grade a coin can have★ FAIR
80.2%
A lowish grade for a coin★ GOOD
78.2%
An averageish grade for a coin★ FINE
78%
Actor Grant of 'North by Northwest'CARY
77.5%
Actor Jamie of M*A*S*HFARR
76.9%
Solid nutrimentFOOD
75.6%
Where to dig up [Rung 14]MINE
73.2%
3 Doors Down's '___ without You'HERE
69.7%
Often with 'state,' the highest grade of a coin★ MINT
66%
Undergo change or diversifyVARY
61.3%
A duck-like birdCOOT
58.7%
3 handsFOOT
56.8%
A savory plantHERB
56.5%
Word to modify grade [Rung 15] & [Rung 30]★ VERY
55.2%
Hide or seek, e.g.VERB
46.4%

Today's Daily Dose

You're not logged in!

Compare scores with friends on all Sporcle quizzes.
Sign Up with Email
OR
Log In

You Might Also Like...

Show Comments

Extras

Top Quizzes Today


Score Distribution

Your Account Isn't Verified!

In order to create a playlist on Sporcle, you need to verify the email address you used during registration. Go to your Sporcle Settings to finish the process.